000 00871nam a2200361Ia 4500
001 6271
005 20240113233910.0
007 ta
008 050625s1995 a g b000 u eng u
020 _a81-85015-89-9
040 _aCotton College,Assam
041 _aeng
082 _a538.91
_bKa 141 Nu
100 _aKaplan, Irving .
245 0 _aNuclear Physics /
_cIrving Kaplan.
_hTextual Documents
250 _a2nd ed. /
260 _aNew Delhi :
_bNarosa Publishing House ,
_c1995.
300 _axiv, 770p. :
_bill. ;
_c22cm .
504 _aIndex
653 _aPhysics
653 _aNuclear Physics
653 _aPG-Physics
653 _aG-Physics
942 _2ddc
_cBK
999 _c6258
_d6258